| 000 | 00686nam a2200193 a 4500 | ||
|---|---|---|---|
| 001 | 000018822 | ||
| 005 | 20200929165849.0 | ||
| 008 | 100519s1986 cu ac r 000 0 spa d | ||
| 040 |
_aDO-SdBNP _bspa _cBNPHU |
||
| 082 |
_a861.44 _bL953c |
||
| 100 | 1 |
_aLuis, Raúl, _d1934- _940578 |
|
| 245 | 1 | 3 |
_aEl cazador : _bcon un testimonio de Pepilla Naranjo recogido por Rafael Alcides Pérez y una noveleta de Chanito Isidrón / _cRaúl Luis ; edición Eliana Dávila. |
| 260 |
_aLa Habana : _bLetras Cubanas, _c1986. |
||
| 300 |
_a364,[5] p. : _bil. ; _c18 cm. |
||
| 650 | 4 |
_aPoesía cubana _95226 |
|
| 650 | 4 |
_aLiteratura cubana _91483 |
|
| 700 | 1 |
_aDávila, Eliana, _eed. _911227 |
|
| 049 | _aBNGR | ||
| 999 |
_c18342 _d18342 |
||